000 00590nam a22001931c 4500
001 474700895
008 070723s2005 gw |||| 000u ger d
020 _a3406528023
_93-406-52802-3
041 _ager
100 1 _aHartmann, Christian
245 0 0 _aVerbrechen der Wehrmacht :
_bBilanz einer Debatte /
_cChristian Hartmann ; Johannes Hürter ; Ulrike Jureit
264 _aMünchen :
_bBeck,
_c2005
700 1 _aHürter, Johannes
_eVerfasserIn
700 1 _aJureit, Ulrike
_eVerfasserIn
942 _cMG
040 _cRU-10907106
003 RU-10907106
999 _c10287
_d10287
490 0 _aBeck'sche Reihe
_v1632